000 00722nam a2200229 a 4500
999 _c3545
_d3545
001 3545
003 BD-JhCC
005 20171115172437.0
008 171002s2008 bg |||| ||a| 000 0 ben d
020 _a9847000601391
035 _a(BD-JhCC)
040 _aBD-JhCC
_dBD-JhCC
041 _aben
082 _a891.4415
_bMAO 2008
100 _aমওলা, মনজুরে
245 _aএকটি কবিতা: এলিয়ট, রবীন্দ্রনাথ ও আরও দুজন /
_cমনজুরে মওলা
260 _aঢাকা:
_bআগামী প্রকাশনী,
_c২০০৮
300 _a111 p.;
_c22 cm
650 _aBengali poetry
942 _2ddc
_cBK